| 000 | 00839nam a2200229Ii 4500 | ||
|---|---|---|---|
| 003 | JO-AjNU | ||
| 008 | 230605s9999||||xx |||||||||||||| ||und|| | ||
| 017 | _a2009/7472 | ||
| 020 | _a978-99901-06-75-6 | ||
| 040 |
_aJO-AjNU _bara _erda _cJO-AjNU |
||
| 041 | _aara | ||
| 050 | 1 | 4 | _aDS247.B28 2009 |
| 100 | 3 |
_aعبدالله، محمد أحمد؛ م.مشارك بشير زين العابدين, _eauthor _953123 |
|
| 245 | 0 | 0 | _aتاريخ البحرين الحديث 1500 - 2002 |
| 250 | _aط1 | ||
| 264 | 3 | 1 | _aالبحرين: مركز الدراسات التاريخية جامعة البحرين، 2009 |
| 300 |
_a246ص _bصور توضيحية وخرائط |
||
| 336 |
_atext _btxt _2rdacontent |
||
| 337 |
_aunmediated _bn _2rdamedia |
||
| 338 |
_avolume _bnc _2rdacarrier |
||
| 650 | 4 |
_aالبحرين 1500-2002- تاريخ _953124 |
|
| 999 |
_aA23574 _c27142 _d27142 |
||